Construction forecasts 2007-2009 (Record no. 118869)
[ view plain ]
| 000 -LEADER | |
|---|---|
| fixed length control field | 01555cam a22002535a 4500 |
| 001 - CONTROL NUMBER | |
| control field | ##L135625 |
| 008 - FIXED-LENGTH DATA ELEMENTS--GENERAL INFORMATION | |
| fixed length control field | 040217c2007 xxkqr m s s 000 0 eng d |
| 022 ## - INTERNATIONAL STANDARD SERIAL NUMBER | |
| International Standard Serial Number | 0308-079X |
| 035 ## - SYSTEM CONTROL NUMBER | |
| System control number | (Sirsi) u135625 |
| 041 0# - LANGUAGE CODE | |
| Language code of text/sound track or separate title | eng |
| 050 04 - LIBRARY OF CONGRESS CALL NUMBER | |
| Classification number | 338.4569 $2 18 |
| 110 2# - MAIN ENTRY--CORPORATE NAME | |
| Corporate name or jurisdiction name as entry element | Experian Business Strategies |
| Subordinate unit | Construction Forecasting and Research Ltd |
| 9 (RLIN) | 4792 |
| 245 00 - TITLE STATEMENT | |
| Title | Construction forecasts 2007-2009 |
| 260 ## - PUBLICATION, DISTRIBUTION, ETC. | |
| Place of publication, distribution, etc. | London |
| Name of publisher, distributor, etc. | Experian Business Strategies |
| Date of publication, distribution, etc. | 2007- |
| 362 0# - DATES OF PUBLICATION AND/OR SEQUENTIAL DESIGNATION | |
| Dates of publication and/or sequential designation | 13(1) Winter 2006/07- |
| 490 #0 - SERIES STATEMENT | |
| Series statement | Experian Business Strategies Construction Forecasting and Research Construction Forecasts |
| Volume/sequential designation | 13(1) Winter 2006/07- |
| 505 2# - FORMATTED CONTENTS NOTE | |
| Formatted contents note | Macroeconomic outlook -- Housing -- Housing repair, maintenance and improvement -- Infrastructure -- Public non-residential construction -- Private industrial construction -- Private commercial construction -- Non-residential repair and maintenance -- Health and education output -- Construction output in current prices -- Regional housing data -- Regional infrastructure data -- Regional public non-residential data -- Regional private non-residential data -- Definitions: types and examples of construction work |
| 520 ## - SUMMARY, ETC. | |
| Summary, etc. | Quarterly forecast of data for the UK construction industry predicting the growth in key parts of the sector. |
| 650 24 - SUBJECT ADDED ENTRY--TOPICAL TERM | |
| Topical term or geographic name entry element | EXPERIAN BUSINESS STRATEGIES CONSTRUCTION FORECASTING AND RESEARCH CONSTRUCTION FORECASTS |
| 651 ## - SUBJECT ADDED ENTRY--GEOGRAPHIC NAME | |
| Geographic name | United Kingdom |
| Chronological subdivision | |
| 690 ## - LOCAL SUBJECT ADDED ENTRY--TOPICAL TERM (OCLC, RLIN) | |
| Topical term or geographic name as entry element | BUILT ENVIRONMENT-CONSTRUCTION MARKET |
| 710 2# - ADDED ENTRY--CORPORATE NAME | |
| Corporate name or jurisdiction name as entry element | Forecasting Committee for the Construction Industries |
| 9 (RLIN) | 3476 |
| 942 ## - ADDED ENTRY ELEMENTS (KOHA) | |
| Suppress in OPAC | 0 |
| Withdrawn status | Lost status | Source of classification or shelving scheme | Damaged status | Not for loan | Home library | Current library | Shelving location | Date acquired | Serial Enumeration / chronology | Total Checkouts | Full call number | Barcode | Date last seen | Copy number | Price effective from | Koha item type |
|---|---|---|---|---|---|---|---|---|---|---|---|---|---|---|---|---|
| Dewey Decimal Classification | London | London | Folio | 06/09/2007 | V. 13 NO. 3 SUM 2007 | F338.4569 EXP V. 13 NO. 3 SUM 2007 | 30074198 | 06/08/2019 | 1 | 06/08/2019 | Book |